Memorias de memoria (Record no. 18692)

MARC details
000 -LEADER
campo de control de longitud fija 00699nam a22002291i 4500
001 - NÚMERO DE CONTROL
campo de control 18692
003 - IDENTIFICADOR DE NÚMERO DE CONTROL
campo de control ES-MaACL
005 - FECHA Y HORA DE LA ÚLTIMA TRANSACCIÓN
campo de control 20251116063052.0
007 - CAMPO FIJO DE DESCRIPCIÓN FÍSICA--INFORMACIÓN GENERAL
campo de control de longitud fija t|
008 - DATOS DE LONGITUD FIJA--INFORMACIÓN GENERAL
campo de control de longitud fija 020228s1978 sp ||||0| spa j
016 7# - NÚMERO DE CONTROL DE UNA AGENCIA BIBLIOGRÁFICA NACIONAL
Número de control cancelado/no válido IND9200360680
020 ## - NÚMERO INTERNACIONAL ESTÁNDAR DEL LIBRO
Número Internacional Estándar del Libro 84-233-0977-0
040 ## - FUENTE DE CATALOGACIÓN
Centro catalogador/agencia de origen M-BN
Lengua de catalogación spa
Centro/agencia transcriptor A2
080 ## - NÚMERO DE LA CLASIFICACIÓN DECIMAL UNIVERSAL
Número de la Clasificación Decimal Universal 92 Giménez-Arnau, José Antonio
100 1# - ENTRADA PRINCIPAL--NOMBRE DE PERSONA
Nombre de persona Giménez-Arnau, J. A.,
Fechas asociadas al nombre 1912-1985
9 (RLIN) 57030
245 10 - MENCIÓN DEL TÍTULO
Título Memorias de memoria
Resto del título : descifre vuecencia personalmente /
Mención de responsabilidad, etc. J.A. Giménez-Arnau.
260 ## - PUBLICACIÓN, DISTRIBUCIÓN, ETC.
Lugar de publicación, distribución, etc. Barcelona :
Nombre del editor, distribuidor, etc. Destino,
Fecha de publicación, distribución, etc. 1978.
300 ## - DESCRIPCIÓN FÍSICA
Extensión 375 p., 1 h., 18 h. con lám ;
Dimensiones 25 cm.
500 ## - NOTA GENERAL
Nota general Indices.
852 ## - LOCALIZACIÓN
Ubicación ES-MaACL
Número de control de estantería G-4655
Sublocalización o colección R.130904
Holdings
Estatus retirado Estado de pérdida Estado de daño No para préstamo Biblioteca de origen Biblioteca actual Ubicación en estantería Fecha de adquisición Fuente de adquisición Total de préstamos Signatura topográfica completa Código de barras Visto por última vez Precio de reemplazo Tipo de ítem Koha
        Biblioteca del Ateneo de Madrid Biblioteca del Ateneo de Madrid Depósito 2 17/01/2008     G-4655 1019126 23/02/2023 23/02/2023 Libro impreso